Normal view
MARC view
- Cuba
Entry Nombre Geográfico
001 - NÚMERO DE CONTROL
- campo de control: 12200
003 - IDENTIFICADOR DE NUMERO DE CONTROL
- campo de control: UPN
005 - FECHA Y HORA DE LA ÜLTIMA TRANSACCIÓN
- campo de control: 20240425164952.0
008 - DATOS DE LONGITUD FIJA
- campo de control de longitud fija: 240425n||acnnnbabn | ana |d
035 ## - NÚMERO DE CONTROL
- Número de control: UPN10000012207
040 ## - FUENTE DE CATALOGACIÓN
- Lenguaje de catalogación: spa
- Agencia de transcripción: MX-MxUPN
- Agencia de catalogación original: MX-MxUPN
053 #4 - NÚMERO DE CLASIFICACIÓN LC
- Elemento de número de clasificación-número único o número de inicio de tramo: F1779
151 ## - ENCABEZAMIENTO - NOMBRE GEOGRÁFICO
- Nombre geográfico: Cuba
- Subdivisión general : Historia
- Subdivisión cronológica : Hasta 1800
670 ## - FUENTE EN LA QUE SE LOCALIZARON DATOS
- Cita de la fuente: Escamilla González, G. Lista de encabezamientos de materia, 1978 :
- Información localizada: página 223 (Cuba-Historia-Hasta 1810)
902 ## - CATALOGADOR
- Catalogador: LG/180297
